01414na a2200325 450000100060000000300080000600500170001400800410003104000250007204100080009709000100010510000690011522200430018424501150022724600940034226000360043630000180047244000440049060001160053460000470065061000320069765000680072965700420079771000080083974000920084783000200093994200130095995201010097299900150107321993MIRAKIL20181213155150.0170209b tu 000 0  aMilasbturcTR-AnCHP atur aSHP 3 aİnönü, ErdalcGenel Başkanı ve Başbakan yardımcısı aErdal İnönü'nün konuşmaları aTürkiye ve Avrupa Erdal İnönü'nün Avrupa Parlementosu'nda yaptığı konuşmac[Erdal İnönü] a"Türkiye ve Avrupa" Erdal İnönünün Avrupa Parlementosunda yaptığı konuşma aBrükselb[SHP]c23 Nisan 1990 a86 s.c16 sm. aSHP yayınlarıpSöylev ve demeçler aİnönü, ErdalcGenel Başkanı ve Başbakan yardımcısıxKonuşmalar, 1990yAvrupa Parlementosu, 1990 aİnönü, ErdalxSöylev ve demeçler aSHPxSöylev ve demeçler aSHP Genel başkanlarıxİnönü, ErdalyKonuşmalar, 1993 aErdal İnönünün konuşmaları aSHP aSHP Genel başkanı ve Başbakan yardımcısı Erdal İnönü'nün konuşmaları aSHP yayınları 2dcccBKS 51a0001b0001d2017-02-09e2f SHPl0oSHP 3p014066r2017-02-09 00:00:00v0.00w2017-02-09yBKS c7840d7840